Statistics for Cities in Spain

Click here to take the quiz!

General Stats

  • This quiz has been taken 33 times
  • The average score is 7 of 10

Answer Stats

Answer% Correct
Barcelona
97%
Madrid
97%
Seville
91%
Valencia
91%
Bilbao
88%
Granada
81%
Cordoba
66%
Zaragoza
63%
Segovia
47%
Gijón
19%

Score Distribution

Percentile by Number Answered

Percent of People with Each Score

Your Score History

You have not taken this quiz